Chuyển đến nội dung
Inicio
Centros participantes
Catálogo
Servicios
Contacto
Đăng nhập
English
Deutsch
Español
Français
Italiano
日本語
Nederlands
Português
Português (Brasil)
中文(简体)
中文(繁體)
Türkçe
עברית
Gaeilge
Cymraeg
Ελληνικά
Català
Euskara
Русский
Čeština
Suomi
Svenska
polski
Dansk
slovenščina
اللغة العربية
বাংলা
Galego
Tiếng Việt
Hrvatski
हिंदी
Հայերէն
Українська
Sámegiella
Ngôn ngữ
Tất cả các trường
Tiêu đề
Tác giả
Chủ đề
Số hiệu
số ISBN/ISSN
Nhãn
Tìm kiếm
Nâng cao
Nación y nacionalidad en la fo...
Trích dẫn điều này
Email này
In
Xuất bản ghi
Xuất tới RefWorks
Xuất tới EndNoteWeb
Xuất tới EndNote
Lưu vào danh sách
Liên kết dài hạn
Agregar primera valuación
Nación y nacionalidad en la formación del estado costarricense (apuntes para una discusión)
Đã lưu trong:
Chi tiết về thư mục
Tác giả chính:
Vega Carballo, José Luis
Định dạng:
Texto
Được phát hành:
San Pedro de M. de O.:
UCR. IIS
Các nhãn:
Thêm thẻ
Không có thẻ, Là người đầu tiên thẻ bản ghi này!
Đang giữ
Miêu tả
Những bình luận
Những quyển sách tương tự
Chế độ xem nhân viên
MARC
LEADER
00000 a a2200000 04500
001
15039
003
040
|a
CRAI/IIS
|c
CRAI/IIS
090
|a
023800
100
|a
Vega Carballo, José Luis
245
|a
Nación y nacionalidad en la formación del estado costarricense (apuntes para una discusión)
260
|a
San Pedro de M. de O.:
|b
UCR. IIS
300
|a
69 p.
999
|c
17472
|d
17472
Những quyển sách tương tự
Adquisición de tecnología por parte de las empresas públicas costarricenses /
Bằng: Del Bello Guillén, Juan Carlos
Desarrollo tecnológico y transferencia de tecnología en el agro costarricense. Proyecto de Investigación
Costa Rica: evolución histórica de una democracia
Bằng: Aguilar Bulgarelli, Oscar
Taller de coyuntura: política de salud 1978 - 81
Bằng: Díaz Naranjo, José Luis
Patentes de invención y monopolio de importación: el caso del propanil